[Event "GER-ch U16"]
[Site "Oberhof"]
[Date "2013.05.23"]
[Round "7"]
[White "Brodmann, Jasper Leo"]
[Black "Sabirov, Ramil"]
[Result "0-1"]
[WhiteElo "1966"]
[BlackElo "1900"]
[PlyCount "81"]
[EventDate "2013.05.19"]
[EventType "swiss"]
[EventRounds "9"]
[EventCountry "GER"]
[SourceTitle "CBM 154 Extra"]
[Source "ChessBase"]
[SourceDate "2013.06.25"]
[SourceVersion "2"]
[SourceVersionDate "2013.06.25"]
[SourceQuality "1"]

1. e4 c5 2. Nf3 e6 3. d4 cxd4 4. Nxd4 a6 5. Bd3 Nf6 6. 0-0 Qc7 7. Qe2 d6 8. c4 g6 9. Nc3 Bg7 10. Be3 0-0 11. Kh1 Nbd7 12. f4 b6 13. Rac1 Bb7 14. b4 Rac8 15. a4 Qb8 16. Nb3 Rfe8 17. a5 Qa8 18. Bxb6 Nxb6 19. axb6 d5 20. c5 Nxe4 21. Nxe4 dxe4 22. Bc4 e3 23. Na5 Rcd8 24. Nxb7 Qxb7 25. Bxa6 Qe4 26. Rc4 Qa8 27. Bb5 Rd2 28. Qf3 Qa2 29. Re4 Rf2 30. Qxe3 Rxf1+ 31. Bxf1 f5 32. Rc4 e5 33. Rc1 Qb2 34. Qc3 Qf2 35. Qc4+ Kh8 36. fxe5 Bxe5 37. Qe2 Qf4 38. g3 Qxc1 39. b7 Qc3 40. Qb5 Rd8 41. Be2 0-1

[Event "GER-ch U16"]
[Site "Oberhof"]
[Date "2013.05.21"]
[Round "4"]
[White "Ruff, Maximilian"]
[Black "Brodmann, Jasper Leo"]
[Result "1-0"]
[WhiteElo "2073"]
[BlackElo "1966"]
[PlyCount "89"]
[EventDate "2013.05.19"]
[EventType "swiss"]
[EventRounds "9"]
[EventCountry "GER"]
[SourceTitle "CBM 154 Extra"]
[Source "ChessBase"]
[SourceDate "2013.06.25"]
[SourceVersion "2"]
[SourceVersionDate "2013.06.25"]
[SourceQuality "1"]

1. e4 c5 2. Nf3 Nc6 3. Bb5 g6 4. Bxc6 dxc6 5. d3 Bg7 6. h3 Nf6 7. Nc3 0-0 8. Be3 b6 9. Qd2 Re8 10. 0-0 Nd7 11. Nh2 Nf8 12. f4 Ne6 13. f5 Nd4 14. Ng4 f6 15. Nh6+ Kf8 16. Rae1 e5 17. Ne2 Nxe2+ 18. Qxe2 Ke7 19. Qf3 Bxh6 20. Bxh6 g5 21. Qh5 Rg8 22. h4 gxh4 23. Qxh4 Qe8 24. Rf3 Qf7 25. b3 Bd7 26. c3 Be8 27. Rh3 Rd8 28. Qf2 Rg4 29. Ree3 Bd7 30. Reg3 Rdg8 31. Rxg4 Rxg4 32. Qf3 Qg8 33. Kf2 Kd8 34. g3 Ke8 35. Qe2 Kd8 36. Kf3 Be8 37. Qg2 b5 38. c4 Rg5 39. Bxg5 Qxg5 40. Qf2 Bh5+ 41. Kg2 Qg4 42. Rh1 Qe2 43. Qxe2 Bxe2 44. Kf2 Bg4 45. Rxh7 1-0

[Event "GER-ch U16"]
[Site "Oberhof"]
[Date "2013.05.20"]
[Round "3"]
[White "Hoffmann, Tim"]
[Black "Brodmann, Jasper Leo"]
[Result "1/2-1/2"]
[WhiteElo "1922"]
[BlackElo "1966"]
[PlyCount "66"]
[EventDate "2013.05.19"]
[EventType "swiss"]
[EventRounds "9"]
[EventCountry "GER"]
[SourceTitle "CBM 154 Extra"]
[Source "ChessBase"]
[SourceDate "2013.06.25"]
[SourceVersion "2"]
[SourceVersionDate "2013.06.25"]
[SourceQuality "1"]

1. e4 c5 2. Nf3 Nc6 3. Nc3 g6 4. d4 cxd4 5. Nxd4 Bg7 6. Be3 Nf6 7. Bc4 Qa5 8. 0-0 0-0 9. Nb3 Qd8 10. Be2 d6 11. f4 Bd7 12. Bf3 Na5 13. Nxa5 Qxa5 14. Qd2 Rfd8 15. h3 Bc6 16. Rab1 Qc7 17. Nd5 Nxd5 18. exd5 Bb5 19. Rfe1 Rdc8 20. c3 Kf8 21. Kh1 Qc4 22. Be2 Qa4 23. Bxb5 Qxb5 24. Bd4 Qd7 25. Bxg7+ Kxg7 26. Qd4+ Kg8 27. Re3 Rc5 28. Rbe1 Qb5 29. a4 Qxb2 30. Rxe7 Rf8 31. Qf6 Rxc3 32. Qxd6 Qf2 33. Re8 Rxh3+ 1/2-1/2

[Event "GER-ch U16"]
[Site "Oberhof"]
[Date "2013.05.19"]
[Round "2"]
[White "Brodmann, Jasper Leo"]
[Black "Kramer, Julian"]
[Result "0-1"]
[WhiteElo "1966"]
[BlackElo "2133"]
[PlyCount "82"]
[EventDate "2013.05.19"]
[EventType "swiss"]
[EventRounds "9"]
[EventCountry "GER"]
[SourceTitle "CBM 154 Extra"]
[Source "ChessBase"]
[SourceDate "2013.06.25"]
[SourceVersion "2"]
[SourceVersionDate "2013.06.25"]
[SourceQuality "1"]

1. e4 c5 2. Nf3 d6 3. d4 cxd4 4. Nxd4 Nf6 5. Nc3 a6 6. Be3 e5 7. Nb3 Be6 8. h3 Nc6 9. Qf3 Be7 10. g4 Nb4 11. 0-0-0 Rc8 12. Kb1 0-0 13. g5 Nd7 14. h4 b5 15. Bd3 f5 16. Qg2 f4 17. Bc1 Nb6 18. Qf3 Nxd3 19. Qxd3 b4 20. Ne2 Bc4 21. Qd2 Nd7 22. f3 Qb6 23. Rh2 a5 24. Na1 a4 25. b3 Be6 26. Bb2 axb3 27. Nxb3 Nc5 28. Nxc5 Rxc5 29. Nc1 Ra8 30. Nb3 Rc7 31. g6 Qa6 32. gxh7+ Kh8 33. Nc1 Qb5 34. h5 Rca7 35. Rg1 Bxa2+ 36. Nxa2 Rxa2 37. Qg2 Bf6 38. Qe2 Qa4 39. Kc1 Rxb2 40. Rg6 Qa1+ 41. Kd2 Rxc2+ 0-1

[Event "GER-chT Nord-West U20 1112"]
[Site "Germany"]
[Date "2012.01.22"]
[Round "5"]
[White "Brodmann, Jasper Leo"]
[Black "Kramer, Julian"]
[Result "0-1"]
[WhiteElo "1967"]
[BlackElo "1972"]
[PlyCount "72"]
[EventDate "2011.09.24"]
[EventType "team-tourn"]
[EventRounds "9"]
[EventCountry "GER"]
[SourceTitle "EXT 2015"]
[Source "ChessBase"]
[SourceDate "2014.11.20"]
[SourceVersion "1"]
[SourceVersionDate "2014.11.20"]
[SourceQuality "1"]

1. e4 c5 2. Nf3 d6 3. d4 cxd4 4. Nxd4 Nf6 5. Nc3 a6 6. Bg5 e6 7. Be2 Be7 8. h4 b5 9. f3 b4 10. Nb1 Bb7 11. a3 h6 12. Be3 d5 13. exd5 Nxd5 14. Bf2 bxa3 15. Nxa3 0-0 16. c3 Nc6 17. Nac2 Qc7 18. Nxc6 Bxc6 19. Rxa6 Nf4 20. Rxa8 Rxa8 21. Ne3 Nxe2 22. Qxe2 Ra1+ 23. Nd1 Bd5 24. Qc2 Bc4 25. Qe4 f5 26. Qd4 e5 27. Qd2 Bb3 28. Ke2 Qc4+ 29. Qd3 Qxd3+ 30. Kxd3 Rxd1+ 31. Rxd1 Bxd1 32. b4 Bb3 33. b5 Kf7 34. c4 Ke6 35. Be1 Bc5 36. Ba5 Kd6 0-1

[Event "GER-chT Nord-West U20 1112"]
[Site "Germany"]
[Date "2011.09.25"]
[Round "1"]
[White "Brodmann, Jasper Leo"]
[Black "Rosenburg, Thies"]
[Result "1-0"]
[WhiteElo "1967"]
[BlackElo "1709"]
[PlyCount "57"]
[EventDate "2011.09.24"]
[EventType "team-tourn"]
[EventRounds "9"]
[EventCountry "GER"]
[SourceTitle "EXT 2015"]
[Source "ChessBase"]
[SourceDate "2014.11.20"]
[SourceVersion "1"]
[SourceVersionDate "2014.11.20"]
[SourceQuality "1"]

1. e4 c5 2. Nf3 d6 3. d4 cxd4 4. Nxd4 Nf6 5. Nc3 a6 6. Bg5 e6 7. Bd3 Nbd7 8. Nb3 Be7 9. h4 b5 10. Qd2 Bb7 11. f3 Qc7 12. 0-0-0 h6 13. Bf4 Nc5 14. Nxc5 Qxc5 15. Be3 Qc6 16. Ne2 Nd7 17. Nd4 Qc7 18. g4 0-0-0 19. Bxb5 axb5 20. Nxb5 Qc4 21. Qa5 Nb8 22. b3 Qxb5 23. Qxb5 Ba6 24. Qa5 Be2 25. Qc3+ Kd7 26. Bf4 Bxd1 27. Rxd1 Rc8 28. Qxg7 Rhg8 29. Qxf7 1-0

[Event "Schleswig Holstein-ch U14"]
[Site "Neumuenster"]
[Date "2011.05.01"]
[Round "9"]
[White "Faden, Maximilian"]
[Black "Brodmann, Jasper Leo"]
[Result "0-1"]
[WhiteElo "1499"]
[BlackElo "1803"]
[PlyCount "116"]
[EventDate "2011.04.25"]
[EventType "tourn"]
[EventRounds "9"]
[EventCountry "GER"]
[SourceTitle "EXT 2023"]
[Source "ChessBase"]
[SourceDate "2022.10.05"]
[SourceVersion "1"]
[SourceVersionDate "2022.10.05"]
[SourceQuality "1"]

1. d4 d5 2. c4 e6 3. Nc3 Nf6 4. Nf3 Be7 5. Bf4 a6 6. e3 0-0 7. Rc1 Bd6 8. Bg3 Nc6 9. c5 Be7 10. Bd3 Bd7 11. 0-0 h6 12. a3 Nh5 13. Ne5 Nxg3 14. Nxd7 Nxf1 15. Nxf8 Nxe3 16. Nxe6 Nxd1 17. Nxd8 Rxd8 18. Rxd1 Bf6 19. Ne2 Nxd4 20. Nxd4 Bxd4 21. Bxa6 Bxf2+ 22. Kxf2 bxa6 23. Rd4 Rb8 24. Rxd5 Rxb2+ 25. Kf1 Rc2 26. Rd8+ Kh7 27. Ra8 Rxc5 28. Rxa6 Rc2 29. a4 Ra2 30. Ra7 Kg6 31. Rxc7 Rxa4 32. Rc2 f5 33. Rc7 Ra2 34. Rb7 Kf6 35. Rb5 Kg5 36. Rb3 f4 37. Rb5+ Kg4 38. Rb6 Kh5 39. Rb5+ g5 40. Rb6 Ra1+ 41. Kf2 Rh1 42. h3 Ra1 43. Rc6 Ra2+ 44. Kf1 Kh4 45. Rxh6+ Kg3 46. Rg6 Rf2+ 47. Ke1 Rxg2 48. Rxg5+ Kxh3 49. Ra5 Kg3 50. Ra8 Rg1+ 51. Kd2 f3 52. Rg8+ Kf2 53. Rf8 Rg7 54. Kd1 Rd7+ 55. Kc2 Kg2 56. Rg8+ Kf1 57. Rf8 f2 58. Kc1 Rd4 0-1

[Event "Schleswig Holstein-ch U14"]
[Site "Neumuenster"]
[Date "2011.04.29"]
[Round "7"]
[White "Beeck, Mats"]
[Black "Brodmann, Jasper Leo"]
[Result "1/2-1/2"]
[WhiteElo "1453"]
[BlackElo "1803"]
[PlyCount "46"]
[EventDate "2011.04.25"]
[EventType "tourn"]
[EventRounds "9"]
[EventCountry "GER"]
[SourceTitle "EXT 2023"]
[Source "ChessBase"]
[SourceDate "2022.10.05"]
[SourceVersion "1"]
[SourceVersionDate "2022.10.05"]
[SourceQuality "1"]

1. e4 c5 2. Nf3 Nc6 3. d4 cxd4 4. Nxd4 g6 5. Nc3 Bg7 6. Be3 Nf6 7. Bc4 Qa5 8. 0-0 0-0 9. Nd5 Nxd5 10. exd5 Ne5 11. Bb3 d6 12. c3 Ng4 13. Bg5 Nf6 14. Qf3 Bd7 15. Rfe1 Rfe8 16. h3 Rac8 17. Rad1 Ba4 18. Nc2 Bxb3 19. axb3 Qa2 20. c4 Qa6 21. Na3 Qb6 22. Re2 a6 23. Rde1 Kf8 1/2-1/2

[Event "Schleswig Holstein-ch U14"]
[Site "Neumuenster"]
[Date "2011.04.26"]
[Round "2"]
[White "Brodmann, Jasper Leo"]
[Black "Zimmermann, Jasmin"]
[Result "1-0"]
[WhiteElo "1803"]
[BlackElo "1398"]
[PlyCount "93"]
[EventDate "2011.04.25"]
[EventType "tourn"]
[EventRounds "9"]
[EventCountry "GER"]
[SourceTitle "EXT 2023"]
[Source "ChessBase"]
[SourceDate "2022.10.05"]
[SourceVersion "1"]
[SourceVersionDate "2022.10.05"]
[SourceQuality "1"]

1. e4 c5 2. Nf3 d6 3. d4 cxd4 4. Nxd4 Nf6 5. Nc3 g6 6. Be3 Bg7 7. Bc4 0-0 8. f3 Nc6 9. Qd2 Bd7 10. 0-0-0 Rc8 11. Bb3 a6 12. Nxc6 Rxc6 13. Bh6 Qc7 14. h4 Rc5 15. g4 Bxh6 16. Qxh6 Bxg4 17. fxg4 Nxg4 18. Qf4 h5 19. Nd5 Qd7 20. Ne3 Nxe3 21. Qxe3 Re5 22. Qg3 Qg4 23. Qxg4 hxg4 24. Bd5 b5 25. Rhg1 a5 26. Rxg4 Kg7 27. Rg5 Rxg5 28. hxg5 f6 29. gxf6+ Rxf6 30. Bc6 b4 31. b3 Rf2 32. Rd5 Rf1+ 33. Kb2 Rg1 34. Rxa5 g5 35. e5 dxe5 36. Rxe5 Kf6 37. Re4 g4 38. Rxb4 g3 39. Rd4 e5 40. Rd2 Kf5 41. Rg2 Rxg2 42. Bxg2 Kf4 43. Kc1 Ke3 44. Kd1 Kf2 45. Bc6 g2 46. Bxg2 Kxg2 47. Ke2 1-0

[Event "Lippe Cup-A 07th"]
[Site "Lieme"]
[Date "2010.10.17"]
[Round "5"]
[White "Brodmann, Jasper Leo"]
[Black "Krause, Jonah"]
[Result "1/2-1/2"]
[WhiteElo "1730"]
[BlackElo "1870"]
[PlyCount "20"]
[EventDate "2010.10.15"]
[EventType "swiss"]
[EventRounds "5"]
[EventCountry "GER"]
[SourceTitle "CBM 138 Extra"]
[Source "ChessBase"]
[SourceDate "2010.10.29"]
[SourceVersion "1"]
[SourceVersionDate "2010.10.29"]
[SourceQuality "1"]

1. e4 c6 2. d4 d5 3. exd5 cxd5 4. Bd3 Nc6 5. c3 g6 6. Bf4 f6 7. Ne2 Nh6 8. 0-0 Bg7 9. Nd2 0-0 10. Nb3 Nf5 1/2-1/2

[Event "Lippe Cup-A 07th"]
[Site "Lieme"]
[Date "2010.10.17"]
[Round "4"]
[White "Hoepfner, Tim"]
[Black "Brodmann, Jasper Leo"]
[Result "1/2-1/2"]
[WhiteElo "1907"]
[BlackElo "1730"]
[PlyCount "38"]
[EventDate "2010.10.15"]
[EventType "swiss"]
[EventRounds "5"]
[EventCountry "GER"]
[SourceTitle "CBM 138 Extra"]
[Source "ChessBase"]
[SourceDate "2010.10.29"]
[SourceVersion "1"]
[SourceVersionDate "2010.10.29"]
[SourceQuality "1"]

1. d4 d5 2. c4 e6 3. Nf3 Nf6 4. g3 Be7 5. Bg2 0-0 6. 0-0 c6 7. Qc2 Nbd7 8. Nbd2 Re8 9. e4 Nxe4 10. Nxe4 dxe4 11. Qxe4 Nf6 12. Qe2 c5 13. Rd1 cxd4 14. Nxd4 Qb6 15. Nb3 Bd7 16. Be3 Qa6 17. Bc5 Bc6 18. Bxe7 Rxe7 19. Bxc6 Qxc6 1/2-1/2

[Event "Lippe Cup-A 07th"]
[Site "Lieme"]
[Date "2010.10.16"]
[Round "2"]
[White "Niekrens, Stefan"]
[Black "Brodmann, Jasper Leo"]
[Result "1/2-1/2"]
[WhiteElo "2040"]
[BlackElo "1730"]
[PlyCount "66"]
[EventDate "2010.10.15"]
[EventType "swiss"]
[EventRounds "5"]
[EventCountry "GER"]
[SourceTitle "CBM 138 Extra"]
[Source "ChessBase"]
[SourceDate "2010.10.29"]
[SourceVersion "1"]
[SourceVersionDate "2010.10.29"]
[SourceQuality "1"]

1. e4 c5 2. Nf3 Nc6 3. Bb5 g6 4. 0-0 Bg7 5. c3 d6 6. h3 Bd7 7. d4 a6 8. Ba4 b5 9. Bc2 c4 10. d5 Ne5 11. Nd4 b4 12. Be3 Bb5 13. Nxb5 axb5 14. Bd4 b3 15. f4 bxc2 16. Qxc2 f6 17. fxe5 fxe5 18. Be3 Nf6 19. Nd2 0-0 20. a4 Qd7 21. Ra3 Rxa4 22. Rxa4 bxa4 23. Nxc4 Qb5 24. Nb6 Rb8 25. Nxa4 Qc4 26. Re1 Rb4 27. b3 Rxb3 28. Nb2 Qxc3 29. Qxc3 Rxc3 30. Bg5 Rb3 31. Bxf6 exf6 32. Nc4 Bf8 33. Na5 Rb5 1/2-1/2

[Event "Schleswig Holstein-ch U14 M"]
[Site "Neumuenster"]
[Date "2010.04.05"]
[Round "1"]
[White "Lengler, Tim"]
[Black "Brodmann, Jasper Leo"]
[Result "0-1"]
[WhiteElo "1413"]
[BlackElo "1643"]
[PlyCount "96"]
[EventDate "2010.04.05"]
[EventType "tourn"]
[EventRounds "9"]
[EventCountry "GER"]
[SourceTitle "EXT 2023"]
[Source "ChessBase"]
[SourceDate "2022.10.05"]
[SourceVersion "1"]
[SourceVersionDate "2022.10.05"]
[SourceQuality "1"]

1. e4 c5 2. Nf3 Nc6 3. d4 cxd4 4. Nxd4 g6 5. Bb5 Bg7 6. Be3 Nf6 7. Nc3 0-0 8. f3 a6 9. Ba4 b5 10. Bb3 Bb7 11. Qd2 Rc8 12. Rd1 Qa5 13. Nd5 Qxd2+ 14. Rxd2 Nxd5 15. Bxd5 Nxd4 16. Bxb7 Nxc2+ 17. Ke2 Rc7 18. Bxa6 Nxe3 19. Kxe3 Rb8 20. Rd5 Bxb2 21. Rb1 Bc1+ 22. Kd3 b4 23. Bb5 Ba3 24. Bxd7 e6 25. Rd4 Rd8 26. Rd1 Rcxd7 27. Rxd7 Rxd7+ 28. Ke2 Rxd1 29. Kxd1 Kf8 30. Kc2 Ke7 31. Kb3 Kd6 32. Kc4 Ke5 33. g3 g5 34. h3 h5 35. Kd3 h4 36. f4+ gxf4 37. gxh4 Kf6 38. Ke2 Kg6 39. Kf3 e5 40. Kg4 Kh6 41. h5 Bb2 42. Kh4 f3 43. Kg3 Kxh5 44. Kxf3 Kh4 45. Ke3 Kxh3 46. Kd3 Kg4 47. Kc4 Ba3 48. Kd5 Kf4 0-1

[Event "Lippe Cup 06th"]
[Site "Lieme"]
[Date "2009.10.18"]
[Round "5"]
[White "Brodmann, Jasper Leo"]
[Black "Lotze, Andreas"]
[Result "1-0"]
[WhiteElo "1422"]
[BlackElo "1584"]
[PlyCount "43"]
[EventDate "2009.10.16"]
[EventType "swiss"]
[EventRounds "5"]
[EventCountry "GER"]
[SourceTitle "EXT 2012"]
[Source "ChessBase"]
[SourceDate "2011.11.24"]
[SourceVersion "1"]
[SourceVersionDate "2011.11.24"]
[SourceQuality "1"]

1. e4 c6 2. d4 d5 3. exd5 cxd5 4. Bd3 Nf6 5. c3 e6 6. Bf4 Nbd7 7. Nf3 Be7 8. Nbd2 a6 9. a4 0-0 10. Qc2 Re8 11. Ng5 Nf8 12. h4 h6 13. Ngf3 Bd6 14. Bxd6 Qxd6 15. Ne5 Bd7 16. g4 N6h7 17. g5 hxg5 18. hxg5 Nxg5 19. f4 Ne4 20. Bxe4 dxe4 21. Nxe4 Qd5 22. Nf6+ 1-0

[Event "Lippe Cup 06th"]
[Site "Lieme"]
[Date "2009.10.18"]
[Round "4"]
[White "Reineke, Timon"]
[Black "Brodmann, Jasper Leo"]
[Result "0-1"]
[WhiteElo "1218"]
[BlackElo "1422"]
[PlyCount "106"]
[EventDate "2009.10.16"]
[EventType "swiss"]
[EventRounds "5"]
[EventCountry "GER"]
[SourceTitle "EXT 2012"]
[Source "ChessBase"]
[SourceDate "2011.11.24"]
[SourceVersion "1"]
[SourceVersionDate "2011.11.24"]
[SourceQuality "1"]

1. e4 c5 2. f4 Nc6 3. Nf3 g6 4. Bc4 Bg7 5. Nc3 d6 6. d3 Nf6 7. 0-0 0-0 8. Re1 Bg4 9. e5 dxe5 10. fxe5 Ne8 11. e6 f6 12. Be3 b6 13. h3 Bxf3 14. Qxf3 Ne5 15. Qd5 Nxc4 16. Qxc4 Nd6 17. Qd5 Nf5 18. Qxd8 Rfxd8 19. a3 Nd4 20. Bxd4 Rxd4 21. Rad1 a6 22. Re4 Rad8 23. Rxd4 cxd4 24. Ne2 f5 25. c4 dxc3 26. bxc3 Rd6 27. d4 Rxe6 28. Nf4 Rc6 29. Nd5 Kf7 30. Rd3 a5 31. Re3 e6 32. Nf4 Rxc3 33. Rxe6 Bxd4+ 34. Kh2 Be3 35. Nd5 Kxe6 36. Nxc3 Ke5 37. Ne2 b5 38. Nc3 b4 39. axb4 axb4 40. Nd1 Bh6 41. Nb2 b3 42. Kg3 Kd4 43. Nd1 Bc1 44. Kh4 b2 45. Nxb2 Bxb2 46. Kg5 Ke3 47. Kh4 Kf2 48. g4 f4 49. g5 f3 50. Kg4 Kg2 51. Kh4 f2 52. Kg4 f1Q 53. Kh4 Qf4# 0-1

[Event "Lippe Cup 06th"]
[Site "Lieme"]
[Date "2009.10.16"]
[Round "1"]
[White "Brodmann, Jasper Leo"]
[Black "Gefnider, Andreas"]
[Result "0-1"]
[WhiteElo "1422"]
[BlackElo "1694"]
[PlyCount "108"]
[EventDate "2009.10.16"]
[EventType "swiss"]
[EventRounds "5"]
[EventCountry "GER"]
[SourceTitle "EXT 2012"]
[Source "ChessBase"]
[SourceDate "2011.11.24"]
[SourceVersion "1"]
[SourceVersionDate "2011.11.24"]
[SourceQuality "1"]

1. e4 e5 2. Nf3 Nc6 3. Bb5 Bc5 4. 0-0 d6 5. Nc3 Bg4 6. h3 Bh5 7. d3 Nge7 8. Bg5 h6 9. Be3 Bb6 10. Nd5 0-0 11. Kh2 Nxd5 12. exd5 Ne7 13. Bc4 f5 14. Qd2 Bxf3 15. gxf3 f4 16. Bxb6 axb6 17. d4 Kh8 18. Rae1 Ng6 19. Qd3 Qf6 20. Rg1 Nh4 21. dxe5 dxe5 22. Rg4 Rad8 23. Qe4 g5 24. Bd3 Rf7 25. c4 Rfd7 26. Bb1 Qe7 27. Rxh4 gxh4 28. Qxe5+ Qxe5 29. Rxe5 b5 30. b3 bxc4 31. bxc4 Kg7 32. Rh5 Re7 33. Be4 Ra8 34. Rxh4 Rxa2 35. Kg2 Ra4 36. Rg4+ Kh8 37. c5 Rg7 38. Bf5 Rxg4+ 39. fxg4 Rd4 40. Be6 Kg7 41. h4 Kf6 42. Bg8 b5 43. Kf3 b4 44. d6 cxd6 45. c6 Rd3+ 46. Kxf4 Rc3 47. Bd5 b3 48. g5+ hxg5+ 49. hxg5+ Ke7 50. Kf5 b2 51. Be4 d5 52. Bb1 Rxc6 53. g6 Rf6+ 54. Ke5 Rxf2 0-1

[Event "Harburg-chI 6th"]
[Site "Hamburg"]
[Date "2008.07.20"]
[Round "5"]
[White "Brodmann, Jasper Leo"]
[Black "Kalauch, Johannes"]
[Result "1-0"]
[WhiteElo "1325"]
[BlackElo "1199"]
[PlyCount "37"]
[EventDate "2008.07.18"]
[EventType "tourn"]
[EventRounds "5"]
[EventCountry "GER"]
[SourceTitle "EXT 2009"]
[Source "ChessBase"]
[SourceDate "2008.11.26"]
[SourceVersion "1"]
[SourceVersionDate "2008.11.26"]
[SourceQuality "1"]

1. e4 c5 2. Nf3 Nc6 3. d4 cxd4 4. Nxd4 g6 5. Nc3 Bg7 6. Be3 Nf6 7. Bc4 Qa5 8. 0-0 0-0 9. Bb3 e6 10. Nxc6 bxc6 11. Bf4 Nh5 12. Bd6 Re8 13. Qd2 Be5 14. Bxe5 Qxe5 15. Rad1 d5 16. exd5 cxd5 17. Rfe1 Qg7 18. Nxd5 Rd8 19. Ne7+ 1-0

[Event "Harburg-chI 6th"]
[Site "Hamburg"]
[Date "2008.07.18"]
[Round "1"]
[White "Gloe, Helmut"]
[Black "Brodmann, Jasper Leo"]
[Result "0-1"]
[WhiteElo "1351"]
[BlackElo "1325"]
[PlyCount "68"]
[EventDate "2008.07.18"]
[EventType "tourn"]
[EventRounds "5"]
[EventCountry "GER"]
[SourceTitle "EXT 2009"]
[Source "ChessBase"]
[SourceDate "2008.11.26"]
[SourceVersion "1"]
[SourceVersionDate "2008.11.26"]
[SourceQuality "1"]

1. d4 d5 2. e3 Nc6 3. Nc3 Nf6 4. Nf3 Bg4 5. Be2 e6 6. 0-0 Bd6 7. Ng5 Bxe2 8. Qxe2 h6 9. Nh3 g5 10. f4 g4 11. Nf2 h5 12. g3 Nd7 13. e4 Nxd4 14. Qd3 Nf3+ 15. Kg2 Nc5 16. Qb5+ c6 17. Qe2 Qe7 18. Be3 d4 19. e5 dxe3 20. exd6 Qxd6 21. Qxe3 f5 22. Rad1 Qe7 23. h3 Nd7 24. h4 e5 25. Qd3 Rf8 26. Ne2 0-0-0 27. Qb3 Nb6 28. Rxd8+ Rxd8 29. c4 Rd2 30. Nc3 exf4 31. c5 Nd7 32. Qg8+ Kc7 33. Na4 fxg3 34. Kxg3 Qe5+ 0-1

[Event "Schleswig Holstein-ch U12"]
[Site "Neumuenster"]
[Date "2008.03.28"]
[Round "6"]
[White "Brodmann, Jasper Leo"]
[Black "Stolberg, Daniel"]
[Result "0-1"]
[WhiteElo "1262"]
[BlackElo "1131"]
[PlyCount "78"]
[EventDate "2008.03.26"]
[EventType "swiss"]
[EventRounds "9"]
[EventCountry "GER"]
[SourceTitle "EXT 2009"]
[Source "ChessBase"]
[SourceDate "2008.11.26"]
[SourceVersion "1"]
[SourceVersionDate "2008.11.26"]
[SourceQuality "1"]

1. e4 c6 2. d4 d5 3. exd5 cxd5 4. Bd3 Nc6 5. c3 Nf6 6. Nf3 Bg4 7. 0-0 e6 8. Bf4 Bd6 9. Bxd6 Qxd6 10. Nbd2 0-0 11. Qc2 Bh5 12. Rfe1 Bg6 13. Bxg6 fxg6 14. Ne5 Rac8 15. Qd3 Nh5 16. g3 Nxe5 17. Rxe5 Rf7 18. Rae1 Re8 19. Nf3 Nf6 20. Ng5 Rfe7 21. h3 Nd7 22. R5e3 e5 23. dxe5 Rxe5 24. f4 Rxe3 25. Rxe3 Qb6 26. Kf2 h6 27. Nf3 Qxb2+ 28. Qd2 Qxd2+ 29. Nxd2 Rxe3 30. Kxe3 Kf7 31. Kd4 Ke6 32. c4 dxc4 33. Nxc4 b6 34. g4 h5 35. Nd2 Nf6 36. Ne4 hxg4 37. Nxf6 g3 38. Ke3 gxf6 39. Kf3 b5 0-1